Concepts of price, value and worth in the United Kingdom (Record no. 63514)

MARC details
000 -LEADER
fixed length control field 00819cab a22002295a 4500
001 - CONTROL NUMBER
control field ABS62399
008 - FIXED-LENGTH DATA ELEMENTS--GENERAL INFORMATION
fixed length control field 000522s2000 xxk f 000 0 eng d
035 ## - SYSTEM CONTROL NUMBER
System control number (Sirsi) u106042
041 0# - LANGUAGE CODE
Language code of text/sound track or separate title eng
100 1# - MAIN ENTRY--PERSONAL NAME
Personal name McParland, C.
245 00 - TITLE STATEMENT
Title Concepts of price, value and worth in the United Kingdom
Remainder of title towards a European perspective
260 ## - PUBLICATION, DISTRIBUTION, ETC.
Date of publication, distribution, etc. 2000
490 #0 - SERIES STATEMENT
Series statement Journal of Property Investment and Finance
Volume/sequential designation 18(1) January 2000, 84-102(19)
520 ## - SUMMARY, ETC.
Summary, etc. Assesses UK valuation standards and considers the potential for uniform valuation standards across the European Union. References.
590 ## - LOCAL NOTE (RLIN)
Local note ABS
650 24 - SUBJECT ADDED ENTRY--TOPICAL TERM
Topical term or geographic name entry element RICS APPRAISAL AND VALUATION MANUAL
651 #4 - SUBJECT ADDED ENTRY--GEOGRAPHIC NAME
Geographic name European Union
Chronological subdivision 1995-2003
690 ## - LOCAL SUBJECT ADDED ENTRY--TOPICAL TERM (OCLC, RLIN)
Topical term or geographic name as entry element PROPERTY-PROPERTY APPRAISAL AND VALUATION
700 ## - ADDED ENTRY--PERSONAL NAME
Personal name McGreal, S.
700 ## - ADDED ENTRY--PERSONAL NAME
Personal name Adair, A.
942 ## - ADDED ENTRY ELEMENTS (KOHA)
Suppress in OPAC 0
Holdings
Withdrawn status Lost status Source of classification or shelving scheme Damaged status Not for loan Home library Current library Shelving location Date acquired Total Checkouts Full call number Barcode Date last seen Copy number Price effective from Koha item type
    Dewey Decimal Classification     London London Journal article 22/05/2000   ABS62399 106042-1001 06/08/2019 1 06/08/2019 Journal article